| 000 | 00499nam a2200181Ia 4500 | ||
|---|---|---|---|
| 003 | GCL | ||
| 008 | 140319s9999 xx 000 0 ara d | ||
| 040 |
_aGCL / _cGCL |
||
| 082 | 0 | 4 |
_a850.93 _bس ف |
| 100 | 1 | _aسيلونى | |
| 245 | 1 | 0 |
_aفونتمارا / _cسيلونى |
| 700 | 1 | _aانياتسيو | |
| 300 | _a322 | ||
| 490 |
_aالالف كتاب _v0 |
||
| 650 | 0 | 4 | _aالادب الايطالى المترجم |
| 650 | 0 | 4 | _aالقصص الايطالية المترجمة |
| 942 |
_2ddc _cBK |
||
| 999 |
_c42767 _d42767 |
||